Material Science (Record no. 27597)

MARC details
000 -LEADER
fixed length control field 00302nam a22001337a 4500
003 - CONTROL NUMBER IDENTIFIER
control field OSt
005 - DATE AND TIME OF LATEST TRANSACTION
control field 20220124103443.0
008 - FIXED-LENGTH DATA ELEMENTS--GENERAL INFORMATION
fixed length control field 220124b |||||||| |||| 00| 0 eng d
040 ## - CATALOGING SOURCE
Transcribing agency HU
082 ## - DEWEY DECIMAL CLASSIFICATION NUMBER
Edition number 2ed
Classification number 620.11
100 ## - MAIN ENTRY--PERSONAL NAME
Personal name Mubeen & Mubeen
9 (RLIN) 28420
245 ## - TITLE STATEMENT
Title Material Science
942 ## - ADDED ENTRY ELEMENTS (KOHA)
Source of classification or shelving scheme Dewey Decimal Classification
Koha item type Books like text book referance book
Suppress in OPAC No

No items available.